| History - World | 0 | 6 | 2 | 1 | 50 | 71 | 101.33 | 0 | 4 | 0.00 | 0.00 |
| History - American | 0 | 5 | 0 | 0 | 50 | 45 | 80.20 | 2 | 2 | 0.00 | 0.00 |
| Art - Other | 0 | 5 | 1 | 0 | 45 | 42 | 96.60 | 0 | 3 | 0.00 | 0.00 |
| Art - Music/Opera | 0 | 4 | 2 | 2 | 30 | 81 | 101.25 | 0 | 2 | 0.00 | 0.00 |
| Literature - European long fiction | 0 | 3 | 0 | 0 | 30 | 45 | 97.67 | 1 | 1 | 0.00 | 0.00 |
| Literature - British long fiction | 0 | 3 | 0 | 0 | 30 | 99 | 115.67 | 0 | 1 | 0.00 | 0.00 |
| Other Academic/Cross-Category - Any | 0 | 3 | 0 | 0 | 30 | 46 | 77.33 | 0 | 3 | 0.00 | 0.00 |
| Literature - European poetry | 0 | 3 | 0 | 1 | 30 | 93 | 113.33 | 0 | 1 | 0.00 | 0.00 |
| Science - Chemistry | 0 | 3 | 0 | 2 | 30 | 107 | 123.33 | 0 | 0 | 0.00 | 0.00 |
| Science - Physics | 0 | 2 | 0 | 1 | 20 | 51 | 90.50 | 0 | 1 | 0.00 | 0.00 |
| Literature - European drama | 0 | 2 | 0 | 0 | 20 | 15 | 50.50 | 1 | 2 | 0.00 | 0.00 |
| Social Science - Economics | 0 | 2 | 0 | 1 | 20 | 98 | 114.00 | 0 | 1 | 0.00 | 0.00 |
| Literature - American any | 0 | 2 | 0 | 0 | 20 | 65 | 73.50 | 0 | 1 | 0.00 | 0.00 |
| Social Science - Linguistics | 0 | 2 | 0 | 0 | 20 | 66 | 84.00 | 0 | 2 | 0.00 | 0.00 |
| Philosophy - Mixed/Any | 0 | 2 | 0 | 0 | 20 | 86 | 101.00 | 1 | 1 | 0.00 | 0.00 |
| Literature - British poetry | 0 | 2 | 1 | 0 | 15 | 112 | 120.00 | 0 | 0 | 0.00 | 0.00 |
| Art - Visual | 0 | 2 | 1 | 0 | 15 | 106 | 126.50 | 0 | 1 | 0.00 | 0.00 |
| Literature - American drama | 0 | 2 | 1 | 0 | 15 | 105 | 107.50 | 0 | 0 | 0.00 | 0.00 |
| History - Other | 0 | 2 | 1 | 1 | 15 | 108 | 121.50 | 0 | 1 | 0.00 | 0.00 |
| Mythology - Americas | 0 | 1 | 0 | 1 | 10 | 122 | 122.00 | 0 | 0 | 0.00 | 0.00 |
| Art - Painting/Sculpture | 0 | 2 | 2 | 0 | 10 | 77 | 92.00 | 0 | 0 | 0.00 | 0.00 |
| Current Events/Modern World - Rest of world social | 0 | 1 | 0 | 0 | 10 | 79 | 79.00 | 0 | 1 | 0.00 | 0.00 |
| Geography - Non-U.S. Americas | 0 | 1 | 0 | 0 | 10 | 132 | 132.00 | 0 | 0 | 0.00 | 0.00 |
| Literature - American poetry | 0 | 1 | 0 | 0 | 10 | 76 | 76.00 | 0 | 1 | 0.00 | 0.00 |
| Literature - British any | 0 | 1 | 0 | 0 | 10 | 105 | 105.00 | 0 | 0 | 0.00 | 0.00 |
| Mythology - East Asia | 0 | 1 | 0 | 0 | 10 | 149 | 149.00 | 0 | 0 | 0.00 | 0.00 |
| Mythology - Mixed/Any | 0 | 1 | 0 | 0 | 10 | 108 | 108.00 | 0 | 1 | 0.00 | 0.00 |
| Mythology - Norse | 0 | 1 | 0 | 0 | 10 | 106 | 106.00 | 0 | 1 | 0.00 | 0.00 |
| Philosophy - Ancient | 0 | 1 | 0 | 0 | 10 | 96 | 96.00 | 0 | 1 | 0.00 | 0.00 |
| Philosophy - Medieval | 0 | 1 | 0 | 0 | 10 | 86 | 86.00 | 0 | 1 | 0.00 | 0.00 |
| Social Science - IR | 0 | 1 | 0 | 0 | 10 | 130 | 130.00 | 0 | 1 | 0.00 | 0.00 |
| Social Science - Psychology | 0 | 1 | 0 | 0 | 10 | 84 | 84.00 | 0 | 0 | 0.00 | 0.00 |
| Philosophy - 20th century | 0 | 1 | 1 | 0 | 5 | 99 | 99.00 | 0 | 1 | 0.00 | 0.00 |
| Mythology - Greco/Roman | 0 | 1 | 1 | 1 | 5 | 131 | 131.00 | 0 | 0 | 0.00 | 0.00 |
| Social Science - Sociology | 0 | 1 | 1 | 1 | 5 | 123 | 123.00 | 0 | 1 | 0.00 | 0.00 |
| Religion - Christianity/Judaism | 0 | 1 | 1 | 0 | 5 | 106 | 106.00 | 0 | 0 | 0.00 | 0.00 |
| Science - Biology | 0 | 3 | 5 | 1 | 5 | 83 | 104.67 | 0 | 1 | 0.00 | 0.00 |
| Religion - Mixed/Any | 0 | 0 | 0 | 0 | 0 | | 0.00 | 0 | 0 | 0.00 | 0.00 |
| Literature - World/Misc any | 0 | 0 | 0 | 0 | 0 | | 0.00 | 0 | 0 | 0.00 | 0.00 |
| History - European | 0 | 1 | 2 | 0 | 0 | 113 | 113.00 | 0 | 0 | 0.00 | 0.00 |
| Literature - World/Misc poetry | 0 | 0 | 1 | 0 | -5 | | 0.00 | 0 | 0 | 0.00 | 0.00 |
| Geography - Europe | 0 | 0 | 1 | 0 | -5 | | 0.00 | 0 | 0 | 0.00 | 0.00 |
| Social Science - Law | 0 | 0 | 1 | 0 | -5 | | 0.00 | 0 | 0 | 0.00 | 0.00 |
| Science - Other | 0 | 0 | 1 | 0 | -5 | | 0.00 | 0 | 0 | 0.00 | 0.00 |
| Social Science - Mixed/Any | 0 | 0 | 1 | 0 | -5 | | 0.00 | 0 | 0 | 0.00 | 0.00 |
| Literature - British drama | 0 | 0 | 1 | 0 | -5 | | 0.00 | 0 | 0 | 0.00 | 0.00 |
| Religion - Islam | 0 | 0 | 1 | 0 | -5 | | 0.00 | 0 | 0 | 0.00 | 0.00 |
| Literature - American short fiction | 0 | 0 | 1 | 0 | -5 | | 0.00 | 0 | 0 | 0.00 | 0.00 |
| Science - Earth | 0 | 0 | 1 | 0 | -5 | | 0.00 | 0 | 0 | 0.00 | 0.00 |
| Current Events/Modern World - United States social | 0 | 0 | 1 | 0 | -5 | | 0.00 | 0 | 0 | 0.00 | 0.00 |
| Social Science - Anthropology | 0 | 0 | 1 | 0 | -5 | | 0.00 | 0 | 0 | 0.00 | 0.00 |